000 00494nam a22001817a 4500
999 _c3008
_d2965
008 180910b xxu||||| |||| 00| | tur d
020 _a9758829890
041 _atur
050 _aPL248.E6956
100 _91468
_aEroğlu, Mehmet
245 _aDüş Kırgınları
250 _a1. Baskı
260 _aİstanbul:
_bAgora Kitaplığı,
_cEylül 2005
300 _a256 sayfa
500 _aAgora Kitaplığı: 80; Türkçe Edebiyat: 14
650 0 _9145
_aTürk Edebiyatı
942 _2lcc
_cBK